000 00302nam a22001337a 4500
008 170505b xxu||||| |||| 00| 0 eng d
020 _a9780870840739
041 _aeng
080 _23RD
_a34
100 _a15
101 _aSHJ
245 _aJUSTICE, CRIME AND ETHICS
_cBRASWELL, M.C
942 _2udc
_cBK
999 _c12815
_d12815